| 000 | 01161nam a2200181 4500 | ||
|---|---|---|---|
| 005 | 20260421112246.0 | ||
| 008 | 260408b |||||||| |||| 00| 0 eng d | ||
| 020 | _a9789356406391 | ||
| 037 | _cTextual | ||
| 040 |
_aRTL _cRTL |
||
| 084 |
_qRTL _aY15:3(S5) R5 |
||
| 100 |
_aDutta, Aniruddha _91234316 |
||
| 245 | _aGlobalizing through the vernacular: Kothis, Hijras, and makingof quear and trans identities in India | ||
| 260 |
_aNew Delhi _bBloomsbury _c2025 |
||
| 300 |
_a240 p. _bIncludes bibliographical reference and index |
||
| 520 | _aGlobalizing through the Vernacular analyzes the relation between dominant frameworks of LGBTQ+ identity in India and non-elite, non-metropolitan communities such as kothis and hijras, a spectrum of feminine-identified people usually assigned male at birth. Going beyond the well-known 'third gender' hijra community, this is the first book to study the discourses and practices of related but underrepresented groups like kothis and dhuranis in small-town and rural India while simultaneously examining their relation to and role within LGBTQ+ identity politics. | ||
| 942 |
_2CC _n0 _cTEXL _hY15:3(S5) R5 |
||
| 999 |
_c1848076 _d1848076 |
||